Calculus with analytic geometry / (Record no. 12649)

000 -LEADER
fixed length control field 00391pam a2200157 i 4500
020 ## - INTERNATIONAL STANDARD BOOK NUMBER
ISBN 0023388005
040 ## - CATALOGING SOURCE
Transcribing agency DLC
082 0# - DEWEY DECIMAL CLASSIFICATION NUMBER
Classification number 516 MAR 1978 A035 Or.
100 1# - MAIN ENTRY--AUTHOR NAME
Personal name Forray, Marvin J
245 10 - TITLE STATEMENT
Title Calculus with analytic geometry /
300 ## - PHYSICAL DESCRIPTION
Number of Pages xiv, 1185 pages :
Other physical details illustrations ;
Dimensions 26 cm
500 ## - GENERAL NOTE
General note Includes index
650 #0 - SUBJECT ADDED ENTRY--TOPICAL TERM
Topical Term Calculus
650 #0 - SUBJECT ADDED ENTRY--TOPICAL TERM
Topical Term Geometry, Analytic
942 ## - ADDED ENTRY ELEMENTS (KOHA)
Koha item type សៀវភៅភាសាអង់គ្លេស
952 ## - LOCATION AND ITEM INFORMATION (KOHA)
Withdrawn status [LOCAL, KOHA] 0
Holdings
Permanent Location Date acquired Koha item type Lost status Shelving location Barcode Current Location Full call number
Library Block A2017-08-15សៀវភៅភាសាអង់គ្លេស A035A16353Library Block A516 MAR 1978 A035 Or.
មជ្ឈមណ្ឌលឯការនៃសាកលវិទ្យាល័យភូមិន្ទកសិកម្មចំការដូង

Powered by Koha